[Event "Regionalliga NO 0405"]
[Site "Bayern"]
[Date "2004.11.28"]
[Round "3.7"]
[White "Schmidt, Johann"]
[Black "Bildt, Thomas"]
[Result "1/2-1/2"]
[WhiteElo "1987"]
[BlackElo "2026"]
[PlyCount "109"]
[EventDate "2004.10.24"]
[EventType "team-tourn"]
[EventRounds "9"]
[EventCountry "GER"]
[SourceTitle "EXT 2007"]
[Source "ChessBase"]
[SourceDate "2006.11.23"]
[SourceVersion "1"]
[SourceVersionDate "2006.11.23"]
[SourceQuality "1"]
[WhiteTeam "Weiden"]
[BlackTeam "Zirndorf II"]
[WhiteTeamCountry "GER"]
[BlackTeamCountry "GER"]

1. d4 d5 2. c4 c6 3. cxd5 cxd5 4. Nc3 Nf6 5. Nf3 Qb6 6. Na4 Qc7 7. Nc3 Nc6 8. Bg5 Ne4 9. Bd2 Nxd2 10. Qxd2 e6 11. Rc1 Be7 12. e3 Bd7 13. Bd3 0-0 14. 0-0 Qa5 15. Bb1 f5 16. Ne1 g5 17. Qe2 Be8 18. g4 Bg6 19. Qf3 Qd8 20. gxf5 Bxf5 21. Bxf5 Rxf5 22. Qh3 g4 23. Qg2 Kh8 24. f4 h5 25. h3 Qb6 26. hxg4 Rg8 27. gxf5 Rxg2+ 28. Kxg2 Qxb2+ 29. Rc2 Qa3 30. Kf3 Nb4 31. Nb1 Qa4 32. Nc3 Qa6 33. Re2 exf5 34. Rh1 h4 35. Ng2 Qh6 36. Ne1 Qh5+ 37. Kf2 h3 38. Kf1 Qh6 39. Reh2 Qa6+ 40. Kf2 Bh4+ 41. Kf3 Qg6 42. Ke2 Bxe1 43. Rxh3+ Kg7 44. Rh7+ Qxh7 45. Rxh7+ Kxh7 46. Kxe1 Kg6 47. Kd2 Kf6 48. a3 Nc6 49. Nxd5+ Ke6 50. Nb4 Nxb4 51. axb4 a6 52. Kc3 b6 53. Kc4 Kd6 54. b5 a5 55. Kc3 1/2-1/2